00350nam a2200133Ia 4500003000400000008004100004020001000045040000800055041000700063100002000070245005700090260006100147300000800208LDD190117s9999 xx 000 0 und d c₹20 cLDD ahi aयशपाल 0aअप्सरा का शापcयशपाल aइलाहाबादbलोकभारतीc1984 a135